'L' Game Quiz Stats

 Plays Quiz Updated Jan 25, 2017

     
Support Sporcle.
Go Orange.
Score 0/42 Timer 10:00
6 Plays Today
% Correct
Louisiana
85%
Lust
83.7%
Lithuania
76.2%
Latvia
69.7%
Lithium
67.7%
Laos
64.4%
Libya
62.8%
London
60%
Luxembourg
59.8%
Liberia
57.7%
Detroit Lions
57.7%
Lebanon
54.9%
LA Lakers
54.7%
Live and Let Die
53%
Luke
51.3%
Leo
51.2%
Liechtenstein
50.1%
Liverpool
48.3%
Leviticus
46.6%
Lesotho
45.7%
Lead
42.3%
% Correct
Los Angeles
41.5%
Lincoln, NE
40.7%
Lansing, MI
36.6%
Little Rock, AR
35.2%
Leeds United
29.6%
Leicester City
27.2%
Tampa Bay Lightning
26.6%
Lillehammer
25.6%
Lake Placid
22%
Love's Labour's Lost
21.9%
Lamentations
21.4%
Licence to Kill
19.6%
Lanthanum
19.1%
The Living Daylights
18.8%
Livermorium
18.8%
Lawrencium
18.7%
Linus
18.4%
Lucius
16.3%
Lutetium
13.7%
Lando
10%
Liberius
8%

From the Vault

Beyond 2000: TV Shows Slot Machine

by gazzso

Careful. Playing slots can be addicting.
Remove Ads.
Support Sporcle.
Get the best of Sporcle when you Go Orange. This ad-free experience offers more features, more stats, and more fun while also helping to support Sporcle. Thank you for becoming a member.

Show Comments

Extras

Top Quizzes Today


Score Distribution

Your Account Isn't Verified!

In order to create a playlist on Sporcle, you need to verify the email address you used during registration. Go to your Sporcle Settings to finish the process.

Report this User

Report this user for behavior that violates our Community Guidelines.

Details: